000 00733nam a2200181Ia 4500
003 GCL
008 140319s9999 xx 000 0 ara d
040 _aGCL /
_cGCL
082 0 4 _a250
_bب ل
100 1 _aعبدالعزيز بن احمد محمد
245 1 0 _aكشف الاسرار عن اصول فخر الاسلام البذدوى(اربعة اجزاء فى مجلدين) /
_cعبدالعزيز بن احمد محمد
700 1 _aالبخارى : ابوعبدالله محمد بن اسماعيل بن ابراهيم بن المغيرة بن بردزيه
490 _a100 قصة
_v0
650 0 4 _aالعبادات
650 0 4 _aالمعاملات
650 0 4 _aالفقه الاسلامى، اصول
942 _2ddc
_cBK
999 _c46426
_d46426